MARC details
| 000 -CABECERA |
| campo de control de longitud fija |
00823nam a2200253 i 4500 |
| 003 - IDENTIFICADOR DEL NÚMERO DE CONTROL |
| campo de control |
DO-SdBNP |
| 005 - FECHA Y HORA DE LA ÚLTIMA TRANSACCIÓN |
| campo de control |
20240409152153.0 |
| 007 - CAMPO FIJO DE DESCRIPCIÓN FÍSICA--INFORMACIÓN GENERAL |
| campo de control de longitud fija |
ta |
| 008 - DATOS DE LONGITUD FIJA--INFORMACIÓN GENERAL |
| campo de control de longitud fija |
240409s2017 dr a 000 j spa d |
| 040 ## - FUENTE DE LA CATALOGACIÓN |
| Centro catalogador/agencia de origen |
DO-SdBNP |
| Lengua de catalogación |
spa |
| Centro/agencia transcriptor |
BNPHU |
| Normas de descripción |
rda |
| 082 ## - NÚMERO DE LA CLASIFICACIÓN DECIMAL DEWEY |
| Número de documento/Ítem |
G216 |
| Número de edición |
22 |
| 100 ## - ENTRADA PRINCIPAL--NOMBRE DE PERSONA |
| Nombre de persona |
García Martínez, Ricardo |
| Término indicativo de función/relación |
autor |
| 9 (RLIN) |
85171 |
| 245 10 - MENCIÓN DE TÍTULO |
| Título |
Manual de prácticas de endocrinología / |
| Mención de responsabilidad, etc. |
Ricardo García Martínez : colaborador Americo A. Bordas C. |
| 250 ## - MENCIÓN DE EDICIÓN |
| Mención de edición |
3a. edición |
| 264 #1 - PRODUCCIÓN, PUBLICACIÓN, DISTRIBUCIÓN, FABRICACIÓN Y COPYRIGHT |
| Producción, publicación, distribución, fabricación y copyright |
Santo Domingo : |
| Nombre del de productor, editor, distribuidor, fabricante |
Eclipse, |
| Fecha de producción, publicación, distribución, fabricación o copyright |
2017. |
| 300 ## - DESCRIPCIÓN FÍSICA |
| Extensión |
24 páginas, |
| Otras características físicas |
ilustraciones |
| Dimensiones |
28 cm. |
| 336 ## - TIPO DE CONTENIDO |
| Fuente |
rdacontent |
| Término de tipo de contenido |
texto |
| Código de tipo de contenido |
txt |
| 337 ## - TIPO DE MEDIO |
| Fuente |
rdamedia |
| Nombre/término del tipo de medio |
sin mediación |
| Código del tipo de medio |
n |
| 338 ## - TIPO DE SOPORTE |
| Fuente |
rdacarrier |
| Nombre/término del tipo de soporte |
volumen |
| Código del tipo de soporte |
nc |
| 590 ## - NOTA LOCAL (RLIN) |
| Nota local |
Inventariado, 2024/ YL |
| 700 1# - PUNTO DE ACCESO ADICIONAL--NOMBRE DE PERSONA |
| Nombre de persona |
Bordas C., Américo A. |
| Término indicativo de función/relación |
colaborador |
| 9 (RLIN) |
85109 |
| 910 ## - DATOS DE OPCIÓN DEL USUARIO (OCLC) |
| Datos de opción del usuario |
YLockward |
| 942 ## - ELEMENTOS DE PUNTO DE ACCESO ADICIONAL (KOHA) |
| Fuente del sistema de clasificación o colocación |
Dewey Decimal Classification |
| Tipo de ítem Koha |
Folleto |